000 00527nam a22001937a 4500
003 OSt
005 20140310182204.0
008 130903t xxu||||| |||| 00| 0 eng d
020 _a1858335949
050 _aTX 724.5
_b.C737 1992
082 _aHS 641.51
_bC73 1992
245 _aThe complete chinese cookbook /
260 _aSingapore :
_bBramley Books,
_cc1992.
300 _a304 p. :
_bill. ;
_c27 cm.
650 _aCookery, Chinese
_916164
650 _aStewart, Jillian
_916392
942 _2lcc
_cHS
999 _c10296
_d10296